01552nam a2200265 a 450000500170000000800410001704100080005804400070006624500270007326000530010030000120015350500230016550500230018850500230021150500230023450500230025752008530028065000310113365000190116465000390118365000130122265000090123565000130124466200290125720180803165354.0140128b2005 ck ||||| |||| 00| 0 spa d aspa ack aGuacharaca de Chambery aBogotábInstituto Alexander von Humboldtc2005 aFolleto aVol. 1 Edición 1 aVol. 2 Edición 2 aVol. 3 Edición 3 aVol. 4 Edición 4 aVol. 5 Edición 5 aEstos boletines tienen por objeto dar a conocer los resultados de las acciones de conservación de biodiversidad. De este boletín se han publicado 5 ediciones: Ed. 1: Apertura y presentación de las acciones de conservación a los pobladores de la cuenca media del río Chambery e instituciones del municipio de Aranzazu, Caldas. Ed. 2: La importancia del proyecto Andes, implementación de Herramientas del Paisaje y procesos de conservación en Aranzazu. Ed. 3: La cooperación local de todos los actores y estado de los recursos naturales en la cuenca media del río Chambery. Ed. 4 Caracterizaciones biológicas de aves en Aranzazu llevadas a cabo por la Asociación Calibris. Entrega de resultados y desarrollo sostenible. Ed. 5. Caracterizaciones biológicas de hormigas e insectos en Aranzazu llevadas a cabo por la U. del Valle aAcciones de conservación aProyecto Andes aHerramientas de Manejo del Paisaje aAranzazu aAves aHormigas aColombiacRío Chambery